[Event "Noblesville Snow Memorial"]
[Site "Noblesville"]
[Date "2022.09.18"]
[Round "4"]
[White "Mills, James A"]
[Black "Xia, Ruoxiao"]
[Result "1-0"]
[WhiteElo "2200"]
[BlackElo "2056"]
[PlyCount "63"]
[EventDate "2022.09.16"]
[EventType "swiss"]
[EventRounds "5"]
[EventCountry "USA"]
[SourceTitle "EXT 2023"]
[Source "ChessBase"]
[SourceDate "2022.10.05"]
[SourceVersion "1"]
[SourceVersionDate "2022.10.05"]
[SourceQuality "1"]

1. d4 d5 2. Nf3 e6 3. Bf4 Nf6 4. e3 Be7 5. Bd3 b6 6. 0-0 0-0 7. Nbd2 c5 8. c4 Nc6 9. Rc1 Bb7 10. dxc5 bxc5 11. Qe2 Qb6 12. Rfd1 Rfd8 13. a3 Na5 14. b3 Ne4 15. cxd5 exd5 16. b4 Nxd2 17. Nxd2 Nc6 18. bxc5 Qa5 19. Nb1 Bxc5 20. Bxh7+ Kf8 21. Bd3 Bxa3 22. Nxa3 Qxa3 23. Qh5 f6 24. Ra1 Qe7 25. Bg6 Qe6 26. Rdb1 Bc8 27. Bc7 Rd7 28. Bf5 Qf7 29. Qh8+ Qg8 30. Qxg8+ Kxg8 31. Be6+ Rf7 32. Bxd5 1-0

[Event "Indianapolis Premier"]
[Site "Indianapolis"]
[Date "2021.09.25"]
[Round "2"]
[White "Carr, Jay A"]
[Black "Mills, James A"]
[Result "0-1"]
[WhiteElo "1754"]
[BlackElo "1964"]
[PlyCount "105"]
[EventDate "2021.09.24"]
[EventType "swiss"]
[EventRounds "5"]
[EventCountry "USA"]
[SourceTitle "CBM 204 Extra"]
[Source "ChessBase"]
[SourceDate "2021.11.30"]
[SourceVersion "1"]
[SourceVersionDate "2021.11.30"]
[SourceQuality "1"]

1. c4 Nf6 2. g3 c5 3. Bg2 d5 4. cxd5 Nxd5 5. Nc3 Nc7 6. d3 e5 7. Nf3 Nc6 8. 0-0 Be7 9. Bd2 0-0 10. Rc1 f5 11. Na4 Ne6 12. b3 Bd7 13. Bc3 Bd6 14. Ba1 Rb8 15. Nc3 b5 16. e3 Qe7 17. Qe2 a6 18. Rcd1 Rbd8 19. Nd5 Qf7 20. Nb6 Be8 21. Nd2 Nc7 22. Bxc6 Bxc6 23. a4 Rb8 24. a5 Ne6 25. Nf3 Qh5 26. Nd4 Qxe2 27. Nxe2 Bf3 28. Rd2 Rfd8 29. Rc1 Bc7 30. Kf1 e4 31. Ng1 Bh5 32. d4 Bxb6 33. axb6 Rxb6 34. dxc5 Rbb8 35. Rxd8+ Rxd8 36. c6 Kf7 37. Ne2 Bxe2+ 38. Kxe2 Ke7 39. Be5 Rc8 40. Rc3 g6 41. Kd2 Nc7 42. Rc5 Ke6 43. Bf4 Nd5 44. h4 Nxf4 45. exf4 Kd6 46. Re5 Rxc6 47. Re8 Kc5 48. Kc3 b4+ 49. Kd2 Rd6+ 50. Kc2 Kd4 51. Rc8 a5 52. Rc4+ Kd5 53. Kd2 0-1

[Event "Indianapolis Premier"]
[Site "Indianapolis"]
[Date "2021.09.24"]
[Round "1"]
[White "Mills, James A"]
[Black "Kaidanov, Gregory S"]
[Result "0-1"]
[WhiteElo "1964"]
[BlackElo "2560"]
[PlyCount "72"]
[EventDate "2021.09.24"]
[EventType "swiss"]
[EventRounds "5"]
[EventCountry "USA"]
[SourceTitle "CBM 204 Extra"]
[Source "ChessBase"]
[SourceDate "2021.11.30"]
[SourceVersion "1"]
[SourceVersionDate "2021.11.30"]
[SourceQuality "1"]

1. c4 e6 2. d4 d5 3. Nf3 Nf6 4. g3 dxc4 5. Bg2 a6 6. a4 Nc6 7. 0-0 Rb8 8. Na3 b5 9. Bg5 h6 10. Bxf6 gxf6 11. axb5 axb5 12. Nxb5 Rxb5 13. Qa4 Rb6 14. Ne5 fxe5 15. Bxc6+ Bd7 16. Bxd7+ Qxd7 17. Qa8+ Qd8 18. Qa4+ c6 19. dxe5 Bg7 20. Rfd1 Qb8 21. Qxc4 0-0 22. f4 Rd8 23. Rxd8+ Qxd8 24. Ra6 Rxa6 25. Qxa6 Qd5 26. Qd3 Bf8 27. h3 Bc5+ 28. Kh2 Kf8 29. Qh7 Qd4 30. Qxh6+ Ke8 31. Qh8+ Kd7 32. h4 Qf2+ 33. Kh3 Qf1+ 34. Kg4 Qxe2+ 35. Kg5 Qd3 36. Qh5 Qf5+ 0-1

[Event "Columbus op"]
[Site "Columbus"]
[Date "2017.06.24"]
[Round "2"]
[White "Ramer, Scott Leo"]
[Black "Mills, James A"]
[Result "1/2-1/2"]
[WhiteElo "2182"]
[BlackElo "2097"]
[PlyCount "74"]
[EventDate "2017.06.23"]
[EventType "swiss"]
[EventRounds "5"]
[EventCountry "USA"]
[SourceTitle "EXT 2023"]
[Source "ChessBase"]
[SourceDate "2022.10.05"]
[SourceVersion "1"]
[SourceVersionDate "2022.10.05"]
[SourceQuality "1"]

1. d4 f5 2. g3 g6 3. Bg2 Bg7 4. c4 Nf6 5. Nc3 0-0 6. Nh3 d6 7. d5 c6 8. Nf4 Qe8 9. 0-0 Na6 10. Be3 Nc5 11. b4 Nce4 12. Nxe4 Nxe4 13. Bd4 g5 14. Bxg7 Kxg7 15. Qd4+ Kg8 16. Nd3 e5 17. Qe3 Qg6 18. dxc6 bxc6 19. c5 dxc5 20. Nxe5 Qf6 21. f3 Qxe5 22. fxe4 f4 23. Qxc5 Qxc5+ 24. bxc5 Ba6 25. Bf3 fxg3 26. hxg3 Rae8 27. Rfd1 g4 28. Bxg4 Rxe4 29. Bf3 Re5 30. Rab1 Bxe2 31. Bxe2 Rxe2 32. Rb7 Rf7 33. Rxf7 Kxf7 34. Rd7+ Re7 35. Rd6 Re6 36. Rd7+ Re7 37. Rd6 Re6 1/2-1/2

[Event "Chicago op 26th"]
[Site "Chicago"]
[Date "2017.05.25"]
[Round "1"]
[White "Li, Zhaozhi"]
[Black "Mills, James A"]
[Result "1/2-1/2"]
[WhiteElo "2364"]
[BlackElo "2097"]
[PlyCount "131"]
[EventDate "2017.05.25"]
[EventType "swiss"]
[EventRounds "9"]
[EventCountry "USA"]
[SourceTitle "CBM 178 Extra"]
[Source "ChessBase"]
[SourceDate "2017.06.22"]
[SourceVersion "1"]
[SourceVersionDate "2017.06.22"]
[SourceQuality "1"]

1. d4 f5 2. g3 Nf6 3. Bg2 g6 4. c4 Bg7 5. Nc3 0-0 6. Nf3 d6 7. 0-0 c6 8. b3 Na6 9. Bb2 Bd7 10. Qd3 Re8 11. e4 e5 12. dxe5 dxe5 13. Qe2 fxe4 14. Nxe4 Nxe4 15. Qxe4 Bf5 16. Qe3 Qd3 17. Qc1 Rad8 18. Re1 Nb4 19. Bxe5 Nc2 20. Bxg7 Kxg7 21. Rxe8 Rxe8 22. Qb2+ Kg8 23. Rf1 Re2 24. Qf6 Qd7 25. Qc3 Qd3 26. Qxd3 Bxd3 27. Rd1 Bf5 28. Rd8+ Kg7 29. Bf1 Re7 30. Nh4 Bg4 31. h3 Be6 32. Ra8 a6 33. Nf3 Bf5 34. g4 Be6 35. Rb8 Nb4 36. Nd4 Bf7 37. a3 Na2 38. Rd8 c5 39. Ne2 b5 40. Nf4 bxc4 41. bxc4 Re4 42. Nd5 Rd4 43. Rd7 Nc3 44. Rxf7+ Kxf7 45. Nxc3 Ke7 46. f3 Rd2 47. Ne4 Ra2 48. Nxc5 Rxa3 49. Kf2 a5 50. Bd3 Ra2+ 51. Ke3 a4 52. Kd4 a3 53. Kc3 Rh2 54. h4 a2 55. Nb3 Rxh4 56. Kb2 Rh2+ 57. Ka1 Rf2 58. Be4 h5 59. gxh5 gxh5 60. Nd4 Kd6 61. Nc2 h4 62. Kxa2 h3 63. Kb3 h2 64. f4 Rxf4 65. Ba8 Kc5 66. Ne1 1/2-1/2

[Event "Columbus Schwarzenegger op"]
[Site "Columbus"]
[Date "2017.03.05"]
[Round "4"]
[White "Mills, James A"]
[Black "Khanna, Ravi"]
[Result "1/2-1/2"]
[WhiteElo "2135"]
[BlackElo "2059"]
[PlyCount "89"]
[EventDate "2017.03.03"]
[EventType "swiss"]
[EventRounds "5"]
[EventCountry "USA"]
[SourceTitle "CBM 177 Extra"]
[Source "ChessBase"]
[SourceDate "2017.04.27"]
[SourceVersion "1"]
[SourceVersionDate "2017.04.27"]
[SourceQuality "1"]

1. c4 Nf6 2. Nc3 Nc6 3. Nf3 e5 4. d4 e4 5. Ng5 Bb4 6. g3 h6 7. Nh3 d5 8. cxd5 Qxd5 9. Be3 Ng4 10. Nf4 Qd6 11. Qc2 Bf5 12. 0-0-0 Nxe3 13. fxe3 Bxc3 14. bxc3 0-0-0 15. Bg2 Qa3+ 16. Kb1 Na5 17. c4 Qb4+ 18. Ka1 Qxc4 19. Rc1 Qxc2 20. Rxc2 Nc6 21. Rc5 g6 22. Rhc1 Rd7 23. g4 Bxg4 24. Bxe4 Nd8 25. Nd5 Ne6 26. R5c2 f5 27. Bg2 Rf8 28. h3 Bh5 29. Nf4 Nxf4 30. exf4 Rff7 31. Rb2 b6 32. d5 Rfe7 33. Rcc2 g5 34. fxg5 hxg5 35. a4 Bf7 36. a5 Bxd5 37. Bxd5 Rxd5 38. axb6 axb6 39. Rxb6 Rde5 40. Rbb2 Re3 41. Rb5 Rxe2 42. Rxe2 Rxe2 43. Rxf5 Rg2 44. Kb1 Kb7 45. Kc1 1/2-1/2

[Event "Ohio Congress"]
[Site "Columbus"]
[Date "2016.09.04"]
[Round "5"]
[White "Mills, James A"]
[Black "Ramer, Scott Leo"]
[Result "1/2-1/2"]
[WhiteElo "2205"]
[BlackElo "2334"]
[PlyCount "42"]
[EventDate "2016.09.02"]
[EventType "swiss"]
[EventRounds "7"]
[EventCountry "USA"]
[SourceTitle "EXT 2023"]
[Source "ChessBase"]
[SourceDate "2022.10.05"]
[SourceVersion "1"]
[SourceVersionDate "2022.10.05"]
[SourceQuality "1"]

1. c4 Nf6 2. Nc3 g6 3. e4 d6 4. d4 Bg7 5. f4 0-0 6. Nf3 c5 7. d5 e6 8. dxe6 fxe6 9. Bd3 Nc6 10. 0-0 Nd4 11. Ng5 e5 12. f5 h6 13. Nh3 gxf5 14. exf5 Qe8 15. Qe1 e4 16. Nxe4 Nxe4 17. Bxe4 Bxf5 18. Bd5+ Kh7 19. Bd2 Nc2 20. Qxe8 Raxe8 21. Rad1 b6 1/2-1/2

[Event "Ohio Chess Congress"]
[Site "Columbus"]
[Date "1999.??.??"]
[Round "3"]
[White "Mills, James A"]
[Black "Blocker, Calvin"]
[Result "0-1"]
[WhiteElo "2130"]
[BlackElo "2390"]
[PlyCount "76"]
[EventDate "1999.01.??"]
[EventType "swiss"]
[EventRounds "6"]
[EventCountry "USA"]
[SourceTitle "EXT 2015"]
[Source "ChessBase"]
[SourceDate "2014.11.20"]
[SourceVersion "1"]
[SourceVersionDate "2014.11.20"]
[SourceQuality "1"]

1. c4 e6 2. d4 Nf6 3. Nf3 Bb4+ 4. Bd2 a5 5. Qc2 d6 6. e4 e5 7. Nc3 Qe7 8. dxe5 dxe5 9. Nd5 Nxd5 10. cxd5 0-0 11. Bc4 Bg4 12. Bxb4 axb4 13. Nd2 c6 14. h3 Bd7 15. 0-0 c5 16. Qd3 Qe8 17. Qg3 b5 18. Be2 f6 19. f4 exf4 20. Qxf4 Na6 21. Nf3 c4 22. Qd6 Qc8 23. e5 fxe5 24. Nxe5 Qc5+ 25. Qxc5 Nxc5 26. Rxf8+ Kxf8 27. b3 Re8 28. Rf1+ Kg8 29. Nxd7 Nxd7 30. Bg4 Nc5 31. d6 Rd8 32. Rf5 Ne4 33. Rxb5 c3 34. Be6+ Kf8 35. Rxb4 Nxd6 36. Rf4+ Ke7 37. Bc4 c2 38. Rf1 Nxc4 0-1

[Event "World op 25th"]
[Site "Philadelphia"]
[Date "1997.??.??"]
[Round "1"]
[White "Belakovskaia, Anjelina"]
[Black "Mills, James A"]
[Result "1-0"]
[WhiteElo "2355"]
[BlackElo "2085"]
[PlyCount "83"]
[EventDate "1997.06.28"]
[EventType "swiss"]
[EventRounds "9"]
[EventCountry "USA"]
[SourceTitle "EXT 2000"]
[Source "ChessBase"]
[SourceDate "1999.11.16"]
[SourceVersion "1"]
[SourceVersionDate "1999.11.16"]
[SourceQuality "1"]

1. d4 Nf6 2. c4 e5 3. dxe5 Ng4 4. Bf4 g5 5. Bg3 Bg7 6. Nf3 Nc6 7. Nc3 Ngxe5 8. Nxe5 Nxe5 9. e3 d6 10. h4 g4 11. h5 Rg8 12. Qb3 Be6 13. 0-0-0 b6 14. Nd5 b5 15. cxb5 a6 16. Qc2 Bxd5 17. Rxd5 axb5 18. Bxb5+ Kf8 19. Ba4 c6 20. Rd2 d5 21. Bb3 Qf6 22. h6 Bh8 23. Bxe5 Qxe5 24. Qxc6 Rd8 25. Qc5+ Qe7 26. Rxd5 Qxc5+ 27. Rxc5 Rg6 28. Rd1 Rxd1+ 29. Bxd1 Rxh6 30. Rc8+ Kg7 31. Bxg4 Rh1+ 32. Kd2 Rf1 33. Ke2 Rb1 34. Rb8 h6 35. a4 Rc1 36. b4 Rc2+ 37. Kf3 Rc6 38. e4 Rc4 39. a5 Rc3+ 40. Kf4 Rc4 41. a6 Rc7 42. e5 1-0

[Event "World op 23rd"]
[Site "Philadelphia"]
[Date "1995.??.??"]
[Round "7"]
[White "Mills, James A"]
[Black "Adamson, Robby"]
[Result "1/2-1/2"]
[WhiteElo "2210"]
[BlackElo "2315"]
[PlyCount "99"]
[EventDate "1995.06.??"]
[EventType "swiss"]
[EventRounds "9"]
[EventCountry "USA"]
[SourceTitle "EXT 2000"]
[Source "ChessBase"]
[SourceDate "1999.11.16"]
[SourceVersion "1"]
[SourceVersionDate "1999.11.16"]
[SourceQuality "1"]

1. c4 e5 2. Nc3 Nc6 3. Nf3 g6 4. d3 Bg7 5. g3 d6 6. Bg2 f5 7. 0-0 Nf6 8. Nd5 0-0 9. Bg5 Be6 10. Qd2 Ne7 11. Nxf6+ Bxf6 12. Bxf6 Rxf6 13. Ng5 Bc8 14. f4 c6 15. Qc3 Qb6+ 16. Kh1 Qd4 17. Qa3 exf4 18. Rxf4 Qe3 19. Qc3 Rf8 20. Raf1 Bd7 21. Qb4 h6 22. Nh3 Qe6 23. Re1 g5 24. Rf2 a5 25. Qd2 d5 26. cxd5 cxd5 27. e4 fxe4 28. dxe4 Rxf2 29. Nxf2 d4 30. Qxd4 Bc6 31. Bf1 b5 32. a4 Nf5 33. Qc5 Rc8 34. Qa3 b4 35. Qd3 Bxa4 36. Bg2 Re8 37. Rf1 Nd6 38. e5 Bb5 39. Bd5 Bxd3 40. Bxe6+ Rxe6 41. Nxd3 Nc4 42. Re1 Rc6 43. e6 Kf8 44. Ne5 Nxe5 45. Rxe5 Ra6 46. b3 Ke7 47. Kg2 Rxe6 48. Rxa5 Re3 49. Kh3 Rxb3 50. Kg4 1/2-1/2

[Event "World op 23rd"]
[Site "Philadelphia"]
[Date "1995.??.??"]
[Round "5"]
[White "Mills, James A"]
[Black "Tapper, Larry"]
[Result "1-0"]
[WhiteElo "2210"]
[BlackElo "2255"]
[PlyCount "79"]
[EventDate "1995.06.??"]
[EventType "swiss"]
[EventRounds "9"]
[EventCountry "USA"]
[SourceTitle "EXT 2000"]
[Source "ChessBase"]
[SourceDate "1999.11.16"]
[SourceVersion "1"]
[SourceVersionDate "1999.11.16"]
[SourceQuality "1"]

1. c4 e5 2. Nc3 Bb4 3. g3 Nf6 4. Bg2 0-0 5. Nf3 Re8 6. 0-0 h6 7. d3 Bxc3 8. bxc3 d6 9. e4 c6 10. Re1 Nbd7 11. Qc2 Nc5 12. Bb2 Qa5 13. Nd2 Qa4 14. Nb3 d5 15. Rec1 Nxd3 16. Qxd3 dxc4 17. Qc2 cxb3 18. axb3 Qb5 19. c4 Qb6 20. c5 Qc7 21. Bc3 Qe7 22. b4 Bd7 23. Qb2 Nh7 24. Rd1 f6 25. Rd6 Ng5 26. f3 Be6 27. f4 exf4 28. gxf4 Nf7 29. Rd3 Red8 30. Rg3 Kf8 31. Kh1 Rd7 32. Rg1 Nd8 33. f5 Nf7 34. fxe6 Qxe6 35. Re3 Re7 36. Qe2 Rae8 37. Bh3 Qb3 38. Bxf6 Rxe4 39. Bxg7+ Kg8 40. Rxe4 1-0

[Event "USA Masters"]
[Site "Chicago"]
[Date "1990.??.??"]
[Round "2"]
[White "Mills, James A"]
[Black "Hergott, Deen"]
[Result "0-1"]
[WhiteElo "2210"]
[BlackElo "2380"]
[PlyCount "108"]
[EventDate "1990.??.??"]
[EventType "swiss"]
[EventRounds "7"]
[EventCountry "USA"]
[SourceTitle "EXT 1997"]
[Source "ChessBase"]
[SourceDate "1996.11.15"]
[SourceVersion "1"]
[SourceVersionDate "1996.11.15"]
[SourceQuality "1"]

1. d4 g6 2. c4 Bg7 3. e4 c5 4. d5 d6 5. Bd3 Nf6 6. Nc3 0-0 7. f4 e6 8. dxe6 Bxe6 9. Nf3 Bg4 10. h3 Bxf3 11. Qxf3 Nc6 12. 0-0 Nd4 13. Qf2 a6 14. Be3 b5 15. e5 dxe5 16. fxe5 Nd7 17. cxb5 axb5 18. Nxb5 Nxe5 19. Rfd1 Nxd3 20. Rxd3 Nf3+ 21. gxf3 Qxd3 22. a4 Rxa4 23. Rxa4 Qd1+ 24. Kg2 Qxa4 25. Nc3 Qb3 26. Bxc5 Rb8 27. Bd6 Rd8 28. Bc7 Rc8 29. Qd2 Qc4 30. Ba5 Qd4 31. Qe2 Rc5 32. Qe8+ Bf8 33. Qd8 Qxd8 34. Bxd8 Bg7 35. Be7 Rc4 36. Kf2 Bxc3 37. bxc3 Rxc3 38. Bf6 Rc6 39. Bd4 f6 40. Kg3 Kf7 41. Be3 Ke6 42. Bd4 Kd5 43. Bb2 Rb6 44. Bc3 Kc4 45. Ba5 Ra6 46. Bd8 Kd3 47. Be7 Ke2 48. Kg4 Ra4+ 49. f4 Ke3 50. Bc5+ Ke4 51. Be7 h5+ 52. Kg3 Kf5 53. Bd6 Rd4 54. Bc7 Rd3+ 0-1

[Event "Midwest Masters op"]
[Site "Chicago"]
[Date "1989.??.??"]
[Round "1"]
[White "Dlugy, Maxim"]
[Black "Mills, James A"]
[Result "1-0"]
[WhiteElo "2570"]
[BlackElo "2210"]
[PlyCount "43"]
[EventDate "1989.??.??"]
[EventType "swiss"]
[EventRounds "6"]
[EventCountry "USA"]
[SourceTitle "EXT 1999"]
[Source "ChessBase"]
[SourceDate "1998.11.16"]
[SourceVersion "1"]
[SourceVersionDate "1998.11.16"]
[SourceQuality "1"]

1. d4 Nf6 2. c4 e5 3. dxe5 Ng4 4. Bf4 Nc6 5. Nf3 Bb4+ 6. Nc3 Qe7 7. Qd5 Bxc3+ 8. bxc3 Qa3 9. Rc1 d6 10. exd6 Be6 11. Qb5 cxd6 12. Qxb7 Rc8 13. Qb3 Qc5 14. e3 0-0 15. Be2 Rb8 16. Qd1 Nge5 17. 0-0 Rb2 18. Rc2 Rfb8 19. Nd4 Bxc4 20. Bxc4 Qxc4 21. Nxc6 Qxc6 22. Rxb2 1-0